Logo BPK

Biblioteka

Politechniki Koszalińskiej

Pomiary emisji akustycznej w rurociągach pary wykonanych ze stali 13 HMF : (Rekord nr 30534)

Szczegóły MARC
000 -ETYKIETA REKORDU
podpole kontrolne o stałej długości 00998nam a2200265 i 4500
001 - NUMER KONTROLNY REKORDU
pole kontrolne bg
040 ## - ŹRÓDŁO KATALOGOWANIA
Instytucja, która utworzyła rekord BPK
041 0# - KOD JĘZYKA
Kod języka tekstu pl
Kod języka streszczenia lub abstraktu enru
080 ## - UNIWERSALNA KLASYFIKACJA DZIESIĘTNA - UKD
UKD 621.644:621.791/.795:534.8
008 - POLE O STAŁEJ DŁUGOŚCI - DANE KONTROLNE
podpole kontrolne o stałej długości s pl f |000 0 pol
100 1# - NAZWA OSOBOWA
Nazwa osobowa JEZIERSKI, Grzegorz
245 10 - TYTUŁ/ODPOWIEDZIALNOŚĆ
Tytuł Pomiary emisji akustycznej w rurociągach pary wykonanych ze stali 13 HMF :
Ciąg dalszy tytułu katalog wyników /
Pozostałe elementy strefy tytułu i oznaczenia odpowiedzialności Grzegorz Jezierski, Jerzy Skubis, Krzysztof Besztak.
260 ## - STREFA ADRESU WYDAWNICZEGO
Miejsce wydania Opole :
Nazwa wydawcy/dystrybutora WSI,
Data publikacji, dystrybucji/powstania dokumentu 1994.
300 ## - STREFA OPISU FIZYCZNEGO
Objętość 171 s. :
Inne cechy fizyczne 1 fot., wykr. ;
Rozmiary 24 cm.
490 1# - STREFA SERII I DOKUMENTU WIELOCZĘŚCIOWEGO - FORMA NIE DO WYSZUKIWANIA
Tytuł i oznaczenie odpowiedzialności serii Studia i Monografie / Wyższa Szkoła Inżynierska w Opolu,
ISSN 0239-5991 ;
Numeracja w obrębie serii nr 79
504 ## - UWAGA DOTYCZĄCA BIBLIOGRAFII
Informacje o bibliografii Bibliogr. s. 163-169. - Rez., summ.
650 #9 - HASŁO PRZEDMIOTOWE W FORMIE NAZWY OGÓLNEJ LUB JEDNOSTKOWEJ
Nazwa ogólna lub geograficzna Akustyka
Określnik ogólny stosowanie
-- technika
650 #9 - HASŁO PRZEDMIOTOWE W FORMIE NAZWY OGÓLNEJ LUB JEDNOSTKOWEJ
Nazwa ogólna lub geograficzna Diagnostyka techniczna
Określnik ogólny metody
650 #9 - HASŁO PRZEDMIOTOWE W FORMIE NAZWY OGÓLNEJ LUB JEDNOSTKOWEJ
Nazwa ogólna lub geograficzna Rurociągi
Określnik ogólny kontrola
-- metody
650 #9 - HASŁO PRZEDMIOTOWE W FORMIE NAZWY OGÓLNEJ LUB JEDNOSTKOWEJ
Nazwa ogólna lub geograficzna Spawanie
Określnik ogólny kontrola
-- metody
700 1# - HASŁO DODATKOWE - NAZWA OSOBOWA
Nazwa osobowa SKUBIS, Jerzy
700 1# - HASŁO DODATKOWE - NAZWA OSOBOWA
Nazwa osobowa BESZTAK, Krzysztof
830 #0 - HASŁO DODATKOWE SERII LUB DOKUMENTU WIELOCZĘŚCIOWEGO - TYTUŁ UJEDNOLICONY
Tytuł ujednolicony Studia i Monografie (Wyższa Szkoła Inżynierska w Opolu) ;
Oznaczenie tomu nr 79
856 ## - LOKALIZACJA I DOSTĘP DO ELEKTRONICZNYCH DOKUMENTÓW ZDALNYCH
Link (URL) http://koha.tu.koszalin.pl/cgi-bin/koha/opac-detail.pl?biblionumber=30534
Tekst linku Katalog online BPK
942 ## - DODATKOWE ELEMENTY (KOHA)
Typ dokumentu Książka
Egzemplarze
Wycofany Status egzemplarza Uszkodzony Dostępność Lokalizacja stała Lokalizacja bieżąca Miejsce przechowywania Sygnatura Kod kreskowy Typ dokumentu
      Dostępny Biblioteka Politechniki Koszalińskiej Biblioteka Politechniki Koszalińskiej Wypożyczalnia BG 37289 01325973 Książka
© 2023 Biblioteka Politechniki Koszalińskiej :: KOHA